Estadísticas para Países con más millonarios

Haz click aquí para intentar la prueba.

Estadísticas generales

  • Esta prueba ha sido intentada 25 veces
  • La puntuación promedio es 18 de 20

Estadísticas de respuestas

#Países% Correcto
2.68 milAlemania
100%
24.5 milEstados Unidos
100%
2.80 milFrancia
100%
6.19 milChina
96%
1.13 milEspaña
96%
796 kIndia
96%
3.37 milJapón
96%
2.85 milReino Unido
96%
353 kRusia
96%
589 kBélgica
92%
2.29 milCanadá
92%
1.15 milPaíses Bajos
92%
2.18 milAustralia
88%
1.15 milSuiza
88%
610 kSuecia
83%
1.29 milCorea del Sur
79%
1.41 milItalia
79%
385 kDinamarca
75%
347 kNueva Zelanda
58%
869 kTaiwán
54%

Distribución de puntuación

Porcentaje por número respondido

Porcentaje de gente con cada puntuación

Historial de tus puntuaciones

No has intentado esta prueba.